| 000 | 00954nam a22002897a 4500 | ||
|---|---|---|---|
| 001 | 0074 | ||
| 003 | DO-SdBNP | ||
| 005 | 20180327150621.0 | ||
| 007 | 0074 | ||
| 008 | 151111b ec 2003 xxu||||| |||| 00| 0 spa d | ||
| 020 | _a9789978807781 | ||
| 040 |
_aBPMSU _bspa _cBPMSU |
||
| 092 |
_aCu863.44 _bF363c |
||
| 100 | 1 | 0 | _aFernández Pequeño, José M. |
| 245 | 1 | 0 |
_aCuentos para angélica / _cJosé M. Fernández Pequeño ; ilustración Roger Icaza |
| 260 |
_aQuito : _bLibresa, _c2003 |
||
| 300 |
_a113 p. : _bil., _c20 cm. |
||
| 490 | 1 | 0 | _aMitad del mundo |
| 500 | _aCuentos para Angélica fue considerada finalista en la edición 2003 del ¨Concurso Internacional de Literatura Infantil LIBRESA - Julio C. Coba¨. | ||
| 650 | _aCUENTOS CUBANOS | ||
| 651 | _aLITERATURA CUBANA | ||
| 700 | 1 | 0 |
_aIcaza, Roger, _3tr. |
| 830 | 0 | 0 | _aMitad del mundo |
| 942 |
_2ddc _cBK |
||
| 945 | _aRemanejado para la BNPHU / 2018 VM | ||
| 956 | _aBrenda Tavárez | ||
| 999 |
_c8631 _d8631 |
||